Tous les Animaux emblèmes de Pays - Amérique - Statistiques

Statistiques générales
  • Ce quiz a été pris 280 fois
  • Le résultat moyen est 10 sur 31
Statistiques - réponses
Pays Animal % Correct
États-Unis Aigle, Bison
91%
Groenland Ours Polaire, Aigle
91%
Mexique Aigle Royal
90%
Bolivie Lama, Condor des Andes
47%
Perou Vigogne (lama)
43%
Guyana Jaguar
42%
Bresil Jaguar, Merle à ventre roux
42%
Canada Castor
37%
Dominique Perroquet Impérial
36%
Colombie Condor des Andes
34%
Équateur Condor des Andes
34%
Argentine Fournier (oiseau)
24%
Nicaragua Motmot à Sourcils bleus (oiseau)
24%
Salvador Motmot à Sourcils bleus (oiseau)
24%
Haïti Trogon damoiseau (oiseau)
24%
Cuba Trogon de Cuba (oiseau)
24%
Sainte-Lucie Amazone de sainte-Lucie (oiseau)
23%
Paraguay Araponga (oiseau)
23%
République Dominicaine Esclave palmiste (oiseau)
23%
Venezuela Oriole Tropicale (oiseau)
23%
Uruguay Vanneau téro (oiseau)
23%
Belize Tapir, Toucan
22%
Antigua et Barbuda Daim, Frégate, Tortue
21%
Costa Rica Merle, Cerf
21%
Honduras Cerf de Virginie
20%
Guatemala Quetzal (oiseau)
16%
Jamaïque Colibri
12%
Panama Grenouille dorée, Harpie féroce
10%
Bahamas Flamant Rose
7%
Grenade Colombe de Grenade
5%
Chili Huemul
2%
Aucun quiz correspondant
Distribution des résultats
% des personnes avec chaque résultat
Percentile par nombre de réponses
Votre historique - résultats
Vous n’avez pas pris ce quiz